1町n村の合併によって名称が変わった町 - Statistics

General Stats
  • This quiz has been taken 33 times
  • The average score is 79 of 404
Answer Stats
日付 都道府県 所属郡 Answer 合併相手 合併後 % Correct
1954/07/01 北安曇郡 大町 平村、常盤村、社村 大町市
73%
2006/03/20 田島町 舘岩村、伊南村、南郷村 南会津町
62%
2006/03/31 網走郡 女満別町 東藻琴村 大空町
58%
2005/11/01 和賀郡 湯田町 沢内村 西和賀町
58%
2005/02/11 西津軽郡 木造町 森田村、柏村、稲垣村、車力村 つがる市
54%
2005/03/20 南佐久郡 佐久町 八千穂村 佐久穂町
54%
2004/08/01 上浮穴郡 久万町 面河村、美川村、柳谷村 久万高原町
54%
2006/03/27 虻田郡 虻田町 洞爺村 洞爺湖町
50%
北津軽郡 中里町 小泊村 中泊町
50%
2006/01/01 九戸郡 種市町 大野村 洋野町
50%
仙北郡 長野町 清水村、豊川村、豊岡村 中仙町
50%
2006/03/27 吾妻郡 吾妻町 東村 東吾妻町
50%
2005/11/01 木曽郡 木曽福島町 日義村、開田村、三岳村 木曽町
50%
1954/04/01 南河内郡 長野町 三日市村、高向村、天見村加賀田村、川上村 河内長野市
50%
2004/10/01 日高郡 南部町 南部川村 みなべ町
50%
2004/10/01 吾川郡 伊野町 吾川郡 吾北村 土佐郡 本川村 いの町
50%
2005/03/28 東津軽郡 蟹田町 平舘村、三厩村 外ヶ浜町
46%
1955/03/31 市原郡 八幡町 菊間村 市原町
46%
2005/09/01 北蒲原郡 中条町 黒川村 胎内市
46%
2006/03/03 大飯郡 大飯町 遠敷郡 名田庄村 おおい町
46%
2003/11/15 南都留郡 河口湖町 勝山村、足和田村 富士河口湖町
46%
1967/04/03 西筑摩郡 福島町 新開村 木曽福島町
46%
1954/03/31 蒲生郡 八幡町 岡山村、金田村、桐原村、馬淵村 近江八幡市
46%
隠岐郡 西郷町 布施村、五箇村、都万村 隠岐の島町
46%
1954/09/01 香美郡 山田町 香美郡 佐岡村、片地村、大楠植村、明治村
長岡郡 新改村
土佐山田町
46%
福島町 川崎村、忠見村、岡山村の一部(を編入) 八女市
46%
1954/11/03 南那珂郡 福島町 大束村、本城村、都井村、市木村 串間市
46%
1955/07/21 岩手郡 沼宮内町 一方井村、川口村、御堂村 岩手町
42%
1954/03/20 相馬郡 原町 高平村、太田村、大甕村 原町市
42%
1955/03/31 大沼郡 高田町 永井野村、旭村、藤川村赤沢村、尾岐村、東尾岐村 会津高田町
42%
1955/04/01 河沼郡 坂下町 若宮村、金上村、広瀬村、川西村、八幡村 会津坂下町
42%
埴科郡 屋代町 雨宮県村、森村 埴科屋代町
42%
2004/04/01 小県郡 東部町 北佐久郡 北御牧村 東御市
42%
1954/11/03 養老郡 高田町 養老郡 養老村、広幡村、上多度村、笠郷村、小畑村、多芸村、
日吉村、池辺村の一部
不破郡 合原村の一部
養老町
42%
1955/03/31 西牟婁郡 周参見町 大都河村、佐本村、三舞村の一部 すさみ町
42%
2006/03/27 山本郡 八森町 峰浜村 八峰町
38%
1954/03/31 相馬郡 中村町 大野村、飯豊村、八幡村、山上村、玉野村、日立木村、磯部村 相馬市
38%
1995/09/01 鹿島郡 鹿島町 大野村(を編入) 鹿嶋市
38%
新町 真野村、恋ヶ浦村、金丸村、川茂村の一部 真野村
38%
1941/08/10 長野県 諏訪郡 上諏訪町 豊田村、四賀村 諏訪市
38%
1955/03/31 上水内郡 新町 更級郡 日原村、信級村 信州新町
38%
更級郡 稲荷山町 桑原村 稲荷山桑原町
38%
2005/10/01 小県郡 長門町 和田村 長和町
38%
1955/03/03 大原郡 木次町 仁多郡 温泉村大原郡 日登村 雲南木次町
38%
2005/10/01 鹿足郡 六日市町 柿木村 吉賀町
38%
1955/02/01 上益城郡 浜町 下矢部村、白糸村、御岳村 矢部町
38%
1955/03/10 東白川郡 塙町 笹原村 塙笹原町
35%
1954/07/15 久慈郡 太田町 機初村、西小沢村、幸久村佐竹村、誉田村、佐都村(を編入) 常陸太田市
35%
2005/02/01 東茨城郡 常北町 東茨城郡 桂村西茨城郡 七会村 城里町
35%
2006/03/27 筑波郡 伊奈町 谷和原村 つくばみらい市
35%
1954/07/01 比企郡 松山町 大岡村、唐子村、高坂村、野本村 東松山市
35%
昭和町 長浦村、根形村の一部 袖ケ浦町
35%
1954/04/01 東京都 北多摩軍 昭和町 拝島村 昭島市
35%
1955/02/01 諏訪郡 ちの町 宮川村、米沢村、豊平村、玉川村泉野村、金沢村、湖東村、北山村 茅野町
35%
1942/06/01 静岡県 富士郡 大宮町 富丘村 富士宮市
35%
1942/02/11 奈良県 宇陀郡 松山町 宇陀郡 神戸村、政始村吉野郡 上龍門村 大宇陀町
35%
1954/09/19 和歌山県 有田郡 箕島町 保田村、宮原村、糸我村 有田町
35%
有田郡 広町 南広村、津木村 広川町
35%
1959/10/01 長岡郡 後免町 長岡郡 香長村、野田村、岡豊村香美郡 岩村 南国市
35%
1961/03/31 香美郡 大宮町 在所村 香北町
35%
1956/09/30 東松浦郡 浜崎町 玉島村 浜崎玉島町
35%
2006/01/01 沖縄県 島尻郡 東風平町 具志頭村 八重瀬町
35%
1956/09/30 美国郡 美国町 積丹郡入舸村、余別村 積丹郡積丹町
31%
1954/04/01 岩手県 和賀郡 黒沢尻町 和賀郡 飯豊村、鬼柳村、更木村、二子村
胆沢郡 相去村 江刺郡 福岡村
北上市
31%
1955/04/01 気仙郡 世田米町 上有住村、下有住村 住田町
31%
1972/04/01 二戸郡 福岡町 金田一村 二戸市
31%
1959/08/20 西村山郡 左沢町 漆川村 大江町
31%
1955/02/01 田村郡 小野新町 飯豊村、夏井村 小野町
31%
1944/02/11 北足立郡 志木町 北足立郡 内間木村の一部入間郡 水谷村、宗岡村 志紀町
31%
1955/05/03 志木町 宗岡村 足立町
31%
1956/09/20 小県郡 田中町 禰津村、和村 東部町
31%
2005/05/01 川辺町 中津村、美山村 日高川町
31%
久米郡 弓削町 誕生寺村、龍山村、神目村 久米南町
31%
1955/01/01 愛媛県 伊予郡 郡中町 南山崎村、北山崎村、南伊予村 伊予市
31%
2004/10/01 越智郡 弓削町 魚島村、生名村、岩城村 上島町
31%
1942/04/01 高知県 高岡郡 宇佐町 新居村 新宇佐町
31%
2005/08/01 池川町 吾川郡 吾川村高岡郡 仁淀村 仁淀川町
31%
1955/03/01 筑紫郡 二日市町 御笠村、筑紫村、山口村、山家村 筑紫野町
31%
1954/05/01 佐賀県 小城郡 北多久町 東多久村、南多久村、多久村、西多久村 多久市
31%
2003/04/01 球磨郡 免田町 上村、岡原村、須恵村、深田村 あさぎり町
31%
1955/04/01 登米郡 佐沼町 北方村、新田村 迫町
27%
雄勝郡 西馬音内町 三輪村、新成村、元西馬音内村、田代村、仙道村、明治村の一部 羽後町
27%
仙北郡 生保内町 神代村、田沢村 田沢湖町
27%
西置賜郡 荒砥町 蚕桑村、鮎貝村、十王村、白鷹村、東根村 白鷹町
27%
1954/11/01 北村山郡 楯岡町 西郷村、大倉村、大久保村、富本村、戸沢村 村山市
27%
1954/03/31 伊達郡 藤田町 小坂村、森江野村、大木戸村、大枝村 国見町
27%
1954/07/01 河沼郡 野沢町 河沼郡 尾野本村、登世島村、睦合村、下谷村、群岡村、上野尻村、宝坂村
耶麻郡 新郷村、奥川村
耶麻郡西会津町
27%
1955/03/31 那珂郡 菅谷町 神崎村、額田村、五台村、戸多村、芳野村、木崎村 那珂町
27%
2003/04/01 多野郡 万場町 中里村 神流町
27%
1954/03/31 中魚沼郡 十日町 中条村、川治村、六箇村 十日町市
27%
1952/05/01 東礪波郡 出町 中野村、油田村、庄下村、五鹿屋村、林村 礪波町
27%
1897/04/01 岐阜県 恵那郡 中津川町 手賀野村、駒場村 中津町
27%
1943/06/01 愛知県 東春日井郡 勝川町 鷹来村、篠木村、鳥居松村 春日井市
27%
1956/04/01 八名郡 大野町 八名郡 七郷村 南設楽郡 長篠村、鳳来寺村 南設楽郡鳳来町
27%
1954/11/03 南牟婁郡 木本町 荒坂村、新鹿村、泊村、有井村神川村、五郷村、飛鳥村 熊野市
27%
1955/07/10 磯城郡 三輪町 織田村、纏向村 大三輪町
27%
1956/07/01 西牟婁郡 日置町 川添村、三舞村 日置川町
27%
2004/10/01 邑智郡 邑智町 大和村 美郷町
27%
1955/07/01 安佐郡 古市町 安村 安古市町
27%
1959/03/31 三好郡 加茂町 三庄村 三加茂町
27%
伊予郡 上灘町 下灘村 双海町
27%
2005/01/01 北宇和郡 広見町 日吉村 鬼北町
27%
1955/04/01 北松浦郡 平町 神浦村 宇久町
27%
1956/06/01 東彼杵郡 上波佐見町 下波佐見村 波佐見町
27%
葦北郡 佐敷町 大野村、吉尾村 葦北町
27%
1955/02/01 由布院町 湯平村 湯布院町
27%
1955/03/20 直入郡 久住町 都野村 久住都町
27%
佐敷町 玉城村、知念村、大里村 南城市
27%
1955/03/31 青森県 東津軽郡 小湊町 東平内村、西平内村 平内町
23%
紫波郡 日詰町 赤石村、赤沢村、佐比内村、志和村、長岡村、彦部村、古館村、水分村 紫波町
23%
1955/04/20 黒川郡 吉岡町 落合村、鶴巣村、宮床村、吉田村 大和町
23%
1940/10/01 秋田県 山本郡 能代港町 榊村、東雲村 能代市
23%
1954/03/31 南秋田郡 船川港町 脇本村、戸賀村、男鹿中村、五里合村 男鹿市
23%
1955/03/01 北秋田郡 花岡町 矢立村 花矢町
23%
鹿角郡 毛馬内町 錦木村 十和田町
23%
1955/04/01 山本郡 鹿渡町 上岩川村 琴丘町
23%
北秋田郡 阿仁合町 大阿仁村 阿仁町
23%
1954/12/10 安積郡 永盛町 豊田村 安積町
23%
東白川郡 塙笹原町 石井村、高城村の一部 塙町
23%
1955/04/01 箕輪町 車郷村 箕郷町
23%
1944/04/01 南埼玉郡 粕壁町 内牧村 春日部町
23%
1954/10/01 君津郡 久留里町 松丘村、亀山村 上総町
23%
1955/12/01 印旛郡 安食町 布鎌村 栄町
23%
1955/04/01 西多摩郡 氷川町 古里村、小河内村 奥多摩町
23%
1954/08/01 下新川郡 泊町 大家庄村、山崎村、南保村、五箇荘村、宮崎村、境村 朝日町
23%
1954/12/20 北佐久郡 岩村田町 平根村、高瀬村、中佐都村 浅間町
23%
1954/07/01 恵那郡 明知町 静波村 明智町
23%
1955/04/01 揖斐郡 揖斐町 大和村、北方村、清水村、小島村 揖斐川町
23%
1953/04/01 引佐郡 金指町 井伊谷村(を編入) 引佐町
23%
1959/05/03 賀茂郡 稲取町 城東村 東伊豆町
23%
1955/01/01 中島郡 起町 朝日村 尾西市
23%
1955/03/10 幡豆郡 吉田町 横須賀村 吉良町
23%
1955/04/10 度会郡 田丸町 東外城田村、有田村の一部 玉城町
23%
1957/02/01 北牟婁郡 錦町 度会郡 柏崎村 度会郡紀勢町
23%
1958/03/20 阿山郡 柘植町 春日村 伊賀町
23%
1954/04/01 邇摩郡 仁万町 宅野村、大国村、馬路村 仁摩町
23%
北宇和郡 近永町 好藤村、愛治村、三島村、泉村 広見町
23%
1955/02/11 藤津郡 多良町 大浦村 太良町
23%
2006/03/01 神崎郡 三田川町 東脊振村 吉野ヶ里町
23%
1955/04/01 児湯郡 妻町 上穂北村 西都町
23%
1956/09/15 利尻郡 沓形町 仙法志村 利尻町
19%
1955/02/10 江刺郡 岩谷堂町 伊手村、稲瀬村、愛宕村、田原村、玉里村、広瀬村、藤里村、梁川村、 米里村 江刺町
19%
1954/11/03 宮城県 本吉郡 柳津町 横山村 津山町
19%
1955/03/26 牡鹿郡 鮎川町 大原村 牡鹿町
19%
仙北郡 刈和野町 土川村、大沢郷村、強首村 西仙北町
19%
1954/10/01 山形県 東田川郡 狩川町 清川村、立谷沢村 立川町
19%
東置賜郡 高畠町 二井宿村、屋代村、亀岡村、和田村 社郷町
19%
西村山郡 谷地町 西里村、溝延村、北谷地村 河北町
19%
石城郡 湯本町 磐崎村(を編入) 常磐市
19%
1955/01/15 西茨城郡 宍戸町 大原村, 北川根村 友部町
19%
1954/03/31 栃木県 芳賀郡 祖母井町 南高根沢村、水橋村 芳賀町
19%
1955/04/01 津久井郡 中野町 串川村、鳥屋村、青野原村、青根村、三沢村の一部 津久井町
19%
1955/07/20 吉野町 牧野村、日連村、名倉村、佐野川村 藤野町
19%
北蒲原郡 葛塚町 木崎村、岡方村 豊栄町
19%
1940/02/11 富山県 下新川郡 三日市町 石田村、田家村、村椿村、大布施村、前沢村、荻生村、若栗村 桜井町
19%
1942/06/08 中新川郡 五百石町 大森村、高野村、下段村 雄山町
19%
1954/04/29 南都留郡 谷村町 宝村、禾生村、盛里村、東桂村 都留市
19%
1973/04/01 小笠郡 大浜町 城東村 大東町
19%
北設楽郡 本郷町 御殿村、下川村、園村 東栄町
19%
1956/09/30 北設楽郡 田口町 段嶺村、名倉村、振草村の一部 設楽町
19%
1955/01/01 鵜方町 神明村、立神村、志島村、甲賀村、国府村、安乗村 阿児町
19%
員弁郡 阿下喜町 十社村、山郷村 北勢町
19%
1958/09/03 多気郡 三和町 斎明村 明和町
19%
1954/11/03 高島郡 安曇町 広瀬村、青柳村、本庄村 安曇川町
19%
1916/04/01 兵庫県 川辺郡 尼ヶ崎町 立花村の一部 尼崎市
19%
1955/03/22 津名郡 富島町 仁井村、野島村浅野村、育波村、室津村 北淡町
19%
1956/03/31 東牟婁郡 高池町 明神村、小川村、三尾川村、七川村 古座川町
19%
1953/06/01 日野郡 江尾町 神奈川村、米沢村 江府町
19%
1941/02/11 今市町 塩冶村、大津村、四纏村、高浜村川跡村、高松村、古志村、鳶巣村 出雲町
19%
1954/03/31 勝田郡 勝間田町 植月村、吉野村、古吉野村、高取村 勝央町
19%
大井町 久米村、倭文村 久米町
19%
1955/02/11 阿哲郡 刑部町 丹治部村、上刑部村 大佐町
19%
玖珂郡 高森町 祖生村、米川村、川越村 周東町
19%
松丸町 吉野生村 松野町
19%
1954/04/01 八女郡 羽犬塚町 水田村、古川村、岡山村の一部 筑後市
19%
1955/04/10 築上郡 八屋町 角田村、山田村、千束村、三毛門村、黒土村、横武村、合河村、岩屋村 宇島市
19%
1955/02/11 西彼杵郡 瀬戸町 多以良村、雪浦村、松島村 大瀬戸町
19%
1959/05/01 東彼杵郡 彼杵町 千綿村 東彼杵町
19%
1954/04/01 阿蘇郡 宮地町 坂梨村、中通村、古城村 一の宮町
19%
1955/01/01 富岡町 坂瀬川村、志岐村 苓北町
19%
1951/04/01 大分県 速見郡 中山香町 東山香村、上村 山香町
19%
1951/04/01 宮崎県 東臼杵郡 富島町 岩脇村 日向市
19%
1956/09/01 大島郡 古仁屋町 西方村、実久村、鎮西村 瀬戸内町
19%
1955/04/01 北海道 中川郡 西足寄町 足寄郡 足寄村 足寄郡足寄町
15%
1955/04/01 和賀郡 土沢町 小山田村、谷内村、中内村 東和町
15%
1955/03/21 桃生郡 飯野川町 大川村、大谷地村、二俣村 河北町
15%
1955/03/30 本吉郡 津谷町 大谷村、小泉村 本吉町
15%
神宮寺町 北楢岡村 神岡町
15%
河辺郡 和田町 岩見三内村、豊島村 河辺町
15%
北秋田郡 扇田町 東館村、西館村、大葛村 比内町
15%
平鹿郡 沼館町 平鹿郡 福地村、里見村雄勝郡 明治村の一部 雄物川町
15%
1955/07/28 由利郡 亀田町 道川村 岩城町
15%
1956/09/20 平鹿郡 浅舞町 吉田村 平鹿町
15%
北秋田郡 米内沢町 前田村 森吉町
15%
早口町 山瀬村 田代町
15%
東村山郡 長崎町 豊田村 中山町
15%
1955/01/01 飽海郡 松嶺町 上郷村、内郷村 松山町
15%
東置賜郡 小松町 東置賜郡 大塚村、犬川村、中郡村 南置賜郡 玉庭村 川西町
15%
1951/04/01 福島県 双葉郡 新山町 長塚村 標葉町
15%
田村郡 守山町 高瀬村、谷田川村 田村町
15%
1955/01/31 伊達郡 掛田町 霊山村、石戸村、小国村 霊山町
15%
1954/05/03 久下田町 長沼村、物部村 二宮町
15%
1954/11/03 那須郡 芦野町 那須村、伊王野村 那須町
15%
1943/09/08 埼玉県 秩父郡 皆野町 三沢村, 国神村, 日野沢村, 大田村, 金沢村, 白鳥村の一部 美野町
15%
入間郡 入間川町 入間村、堀兼村、奥富村、柏原村、水富村 狭山市
15%
1955/03/01 北足立郡 大和田町 片山村 新座町
15%
1954/01/15 千葉郡 大和田町 睦村 八千代町
15%
1954/04/29 夷隅郡 国吉町 中川村、千町村 夷隅町
15%
長生郡 庁南町 東村、西村、豊栄村 長南町
15%
君津郡 湊町 天神山村、竹岡村、金谷村 天羽町
15%
1955/07/20 香取郡 笹川町 神代村、橘村、東城村 東庄町
15%
1908/04/01 神奈川県 高座郡 藤沢大坂町 明治村、鵠沼村 藤沢町
15%
1954/11/03 西蒲原郡 地蔵堂町 国上村、島上村 分水町
15%
1954/07/20 西礪波郡 津沢町 藪波村、水島村 礪中町
15%
1955/01/01 上新川郡 上滝町 大山村、福沢村、大庄村 大山町
15%
1956/09/30 能美郡 寺井野町 粟生村、吉田村の一部、久常村の一部 寺井町
15%
小笠原町 榊村、野之瀬村 櫛形町
15%
1955/01/01 上伊那郡 中箕輪町 箕輪村、東箕輪村 箕輪町
15%
1954/01/01 小笠郡 堀之内町 六郷村, 横地村、加茂村、内田村 菊川町
15%
1955/03/28 榛原町 川崎町 坂部村、勝間田村 榛原町
15%
1956/06/01 小笠郡 横須賀町 大淵村 大須賀町
15%
磐田郡 浦川町 佐久間村、山香村、城西村 佐久間町
15%
1955/04/01 宝飯郡 赤坂町 長沢村、萩村 音羽町
15%
1955/02/11 度会郡 五ヶ所町 穂原村、南海村、宿田曾村神原村の一部 南勢町
15%
1956/09/30 多気郡 三瀬谷町 川添村 大台町
15%
1955/02/01 竹野郡 間人町 豊栄村、竹野村、上宇川村、下宇川村 丹後町
15%
泉南郡 尾崎町 西鳥取村、下荘村 南海町
15%
1951/04/01 揖保郡 斑鳩町 石海村、太田村 太子町
15%
1957/07/01 三原郡 湊町 松帆村、津井村、阿那賀村、伊加利村、志知村 西淡町
15%
1955/04/15 北葛城郡 馬見町 瀬南村、百済村 広陵町
15%
1955/07/01 那賀郡 名手町 上名手村、狩宿村、麻生津村、王子村 那賀町
15%
1956/08/01 那賀郡 安楽川町 調月村、奥安楽川村 桃山町
15%
1953/04/01 鳥取県 東伯郡 東郷松崎町 舎人村、花見村 東郷町
15%
1925/04/01 島根県 簸川郡 杵築町 杵築村 大社町
15%
仁多郡 三成町 布勢村、亀嵩村、阿井村、三沢村 仁多町
15%
1943/01/01 広島県 賀茂郡 三津町 賀茂郡 早田原村豊田郡 木谷村 安芸津町
15%
1956/04/01 高田郡 甲立町 小田村 甲田町
15%
1905/01/01 山口県 玖珂郡 柳井津町 柳井村、古開作村 柳井町
15%
1952/09/15 大島郡 小松町 屋代村 大島町
15%
1954/10/01 美祢郡 大田町 綾木村、真長田村、赤郷村 美東町
15%
1955/01/01 阿武郡 奈古町 福賀村、宇田郷村 阿武町
15%
厚狭郡 船木町 吉部村、万倉村 楠町
15%
1955/02/11 徳島県 海部郡 三岐田町 阿部村(を編入) 由岐町
15%
板野郡 板西町 松坂村、栄村 板野町
15%
1955/03/21 三好郡 昼間町 足代村 三好町
15%
1955/03/31 海部郡 鞆奥町 川西村 海部町
15%
1951/04/01 香川県 小豆郡 草壁町 西村、安田村、苗羽村、坂手村 内海町
15%
1955/04/01 川島町 十河村、東植田村、西植田村 山田町
15%
1955/07/01 大川郡 白鳥本町 白鳥村、福栄村、五名村 白鳥町
15%
1955/02/11 北宇和郡 岩松町 清満村、御槇村、畑地村、下灘村、北灘村 津島町
15%
1956/09/20 北高来郡 湯江町 深海村、小江村 高来町
15%
阿蘇郡 内牧町 黒川村、永水村、尾ヶ石村、山田村 阿蘇町
15%
1956/09/30 阿蘇郡 馬見原町 柏村、菅尾村 蘇陽町
15%
1955/01/01 鹿児島県 姶良郡 帖佐町 重富村、山田村の一部 姶良町
15%
1958/04/01 亀津町 東天城村 徳之島町
15%
1955/04/01 栗原郡 岩ヶ崎町 栗駒村、尾松村、鳥矢崎村、文字村、姫松村の一部 栗駒町
12%
1956/04/01 登米郡 石森町 浅水村、上沼村、宝江村 中田町
12%
1957/05/01 米谷町 日高村 東和町
12%
1955/03/31 由利郡 平沢町 院内村、小出村 仁賀保町
12%
南秋田郡 一日市町 面潟村 八郎潟町
12%
西村山郡 宮宿町 大谷村、西五百川村 朝日町
12%
1955/04/01 社郷町 糠野目村(を編入) 高畠町
12%
1955/01/01 安達郡 小浜町 新殿村、旭村、太田村の一部 岩代町
12%
1939/04/01 茨城県 多賀郡 河原子町 国分村、鮎川村 多賀町
12%
1955/01/01 北相馬郡 布川町 文村、文間村、東文間村 利根町
12%
新治郡 柿岡町 園部村、瓦会村、林村、恋瀬村、葦穂村、小幡村、小桜村 八郷町
12%
1955/02/11 東茨城郡 石塚町 小松村, 西郷村 常北町
12%
1955/02/21 北相馬郡 相馬町 北相馬郡 六郷村、山王村、高須村の一部
筑波郡 久賀村の一部
藤代町
12%
1956/08/01 真壁郡 関本町 河内村、黒子村 関城町
12%
1955/02/01 群馬県 群馬郡 室田町 碓氷郡 里見村 榛名町
12%
1955/04/01 金古町 国府村、堤ヶ岡村 群馬町
12%
1951/04/01 千葉県 東葛飾郡 流山町 八木村、新川村 江戸川町
12%
1955/02/11 香取郡 滑河町 小御門村、高岡村 下総町
12%
安房郡 岩井町 平群村 富山町
12%
1955/03/10 印旛郡 千代田町 旭村 四街道町
12%
1956/09/01 中魚沼郡 千手町 仙田村、橘村、上野村 川西町
12%
1954/01/10 中新川郡 雄山町 利田村、上段村、東谷村、釜ヶ淵村、立山村 立山町
12%
1954/03/30 婦負郡 四方町 八幡村、倉垣村 和合町
12%
1956/09/30 能登部町 金丸村 鹿西町
12%
1950/06/10 吉城郡 船津町 阿曽布村、袖川村 神岡町
12%
1954/04/01 羽島郡 竹ヶ鼻町 足近村、小熊村、正木村、福寿村江吉良村、堀津村、上中島村、 下中島村、桑原村 羽島市
12%
1955/01/15 高須町 吉里村、東江村、大江村、西江村 海津町
12%
1955/02/01 今尾町 一部は海津町に編入残部と海西村が合併 平田町
12%
1955/03/31 小笠郡 池新田町 比木村、朝比奈村、新野村、佐倉村 浜岡町
12%
引佐郡 気賀町 中川村 細江町
12%
1955/04/15 渥美郡 福江町 伊良湖岬村、泉村 渥美町
12%
1954/08/01 三重県 志摩郡 波切町 船越村、名田村 大王町
12%
1955/03/01 名賀郡 阿保町 上津村、種生村、矢持村 青山町
12%
1955/03/15 一志郡 家城町 川口村、大三村、倭村、八ツ山村 白山町
12%
1955/03/31 多気郡 相可町 佐奈村、津田村 多気町
12%
1958/09/01 南牟婁郡 阿田和町 神志山村、市木尾呂志村 御浜町
12%
1943/02/11 滋賀県 甲賀郡 寺庄町 龍池村、南杣村、宮村 甲南町
12%
1951/04/01 京都府 加佐郡 河守町 河守上村、河西村、河東村有路上村、有路下村(を編入) 大江町
12%
1955/04/01 船井郡 須知町 高原村 丹波町
12%
1956/08/01 相楽郡 上狛町 高麗村、棚倉村 山城町
12%
1955/04/07 三原郡 阿万町 賀集村、北阿万村,、灘村 南淡町
12%
1955/07/23 氷上郡 成松町 沼貫村、葛野村、幸世村、生郷村 氷上町
12%
1956/09/30 養父郡 広谷町 建屋村(を編入) 明神町
12%
1956/08/01 宇陀郡 宇太町 宇賀志村 菟田野町
12%
1955/04/01 海草郡 東野上町 志賀野村(を編入) 野上町
12%
1957/01/01 飯石郡 赤名町 来島村 赤来町
12%
1957/09/20 仁多郡 横田町 鳥上村、八川村、馬木村 斐上町
12%
1953/04/01 御津郡 金川町 御津郡 牧山村、宇垣村、宇甘東村、宇甘西村
赤磐郡 五城村、葛城村
御津町
12%
1953/10/01 上房郡 呰部町 中津井村、上水田村、水田村 北房町
12%
1956/03/31 豊田郡 御手洗町 久友村、大長村 豊町
12%
豊浦郡 西市町 殿居村、豊田中村、豊田下村 豊田町
12%
1955/04/01 江崎町 小川村 田万川町
12%
1955/04/10 大島郡 安下庄町 日良居村 橘町
12%
1955/03/01 勝浦郡 横瀬町 生比奈村 勝浦町
12%
板野郡 一条町 阿波郡 柿島村の一部 吉野町
12%
1959/04/01 辻町 井内谷村 井川町
12%
1954/10/01 木田郡 平井町 神山村、田中村、氷上村、下高岡村 三木町
12%
1955/03/31 西宇和郡 川之石町 喜須来村、宮内村、磯津村 保内町
12%
1955/04/01 佐賀郡 南川副町 中川副村、大詫間村 川副町
12%
1955/03/01 下県郡 鶏知町 船越村 美津島町
12%
南松浦郡 青方町 浜ノ浦村 上五島町
12%
1942/05/20 熊本県 玉名郡 高瀬町 弥富村 玉名町
12%
1944/02/11 飽託郡 高橋町 城山村、池上村 三和町
12%
1956/09/01 菊池郡 隈府町 河原村、水源村、龍門村、迫間村菊池村、花房村、戸崎村 菊池町
12%
1954/03/31 大分郡 戸次町 判田村、竹中村、吉野村 大南町
12%
玖珠郡 野上町 飯田村、東飯田村、南山田村 九重町
12%
1956/07/15 北諸県郡 庄内町 西岳村 荘内町
12%
1955/01/20 囎唹郡 岩川町 恒吉村、月野村 大隅町
12%
1956/09/30 新田郡 木崎町 生品村、綿打村 新田町
8%
1954/08/01 香取郡 府馬町 山倉村、八都村 山田町
8%
白潟町 関村、南白亀村 白子町
8%
1901/11/01 新潟県 佐渡郡 五十里町 沢根町村 沢根町
8%
1955/03/31 三島郡 脇野町 大津村の一部 三島町
8%
西蒲原郡 曽根町 鎧郷村 西川町
8%
1956/09/30 刈羽郡 石地町 内郷村 朝日町
8%
1959/04/10 朝日町 二田村の一部 西山町
8%
1955/01/01 石川県 鹿島郡 越路町 滝尾村、久江村、御祖村 鹿島町
8%
1954/04/01 山梨県 中巨摩郡 巨摩町 百田村、西野村、今諏訪村 白根町
8%
1954/05/17 東山梨郡 諏訪町 中牧村、西保村 牧丘町
8%
1955/04/01 下高井郡 平穏町 穂波村、夜間瀬村 山ノ内町
8%
安八郡 大藪町 福束村、仁木村 輪之内町
8%
1954/11/05 海津郡 城山町 海津郡 石津村養老郡 下多度村 南濃町
8%
1955/04/01 磐田郡 掛塚町 袖浦村, 十束村 竜洋町
8%
浜名郡 浜名町 浜名郡 北浜村、中瀬村、赤佐村引佐郡 麁玉村 浜北町
8%
1956/09/30 周智郡 犬居町 熊切村 春野町
8%
1954/12/01 志摩郡 和具町 片田村、布施田村、越賀村、御座村 志摩町
8%
1943/04/29 高島郡 大溝町 高島村、水尾村 高島町
8%
1955/03/01 北桑田郡 周山町 細野村、宇津村、山国村黒田村、弓削村 京北町
8%
1943/04/01 大阪府 北河内郡 九箇荘町 友呂岐村、豊野村、寝屋川村 寝屋川町
8%
1954/03/31 朝来郡 梁瀬町 粟鹿村、与布土村 山東町
8%
1955/03/20 氷上郡 黒井町 春日部村、大路村、国領村、船城村 春日町
8%
1955/04/01 氷上郡 佐治町 芦田村、神楽村、遠阪村 青垣町
8%
1956/09/30 津名郡 都志町 津名郡 鮎原村、広石村、鳥飼村三原郡 堺村 五色町
8%
1947/02/11 生駒郡 龍田町 法隆寺村、富郷村 斑鳩町
8%
伊都郡 笠田町 大谷村、四郷村 伊都町
8%
1955/07/01 気高郡 浜村町 宝木村、酒津村、瑞穂村、逢坂村 気高町
8%
八束郡 揖屋町 出雲郷村、意東村 東出雲町
8%
1955/02/01 邑智郡 粕淵町 吾郷村、浜原村、沢谷村、君谷村 邑智町
8%
1957/02/11 知夫郡 浦郷町 黒木村 西ノ島町
8%
広瀬町 深須村、高根村 錦町
8%
板野郡 松島町 板野郡 大山村名西郡 高志村 上板町
8%
1955/04/01 岸本町 徳王子村、山南村、山北村東川村の一部、西川村の一部 香我美町
8%
1956/03/30 香美郡 美良布町 暁霞村 大宮町
8%
1951/04/01 福岡県 山門郡 柳河町 城内村、沖端村、西宮永村東宮永村、両開村 柳川町
8%
三潴郡 荒木町 安武村 筑邦町
8%
1955/04/01 宗像郡 神湊町 田島村、池野村、岬村 玄海町
8%
壱岐郡 武生水町 初山村、柳田村、志原村、渡良村、沼津村 郷ノ浦町
8%
1956/09/01 南高来郡 多比良町 土黒村 国見町
8%
1954/04/01 上益城郡 木山町 飯野村、広安村、福田村、津森村 益城町
8%
玉名郡 江田町 花簇村、東郷村、川沿村 菊水町
8%
天草郡 登立町 維和村、上村、中村、湯島村 大矢野町
8%
1955/03/01 下益城郡 隈庄町 杉上村、豊田村 城南町
8%
1955/04/01 鹿本郡 来民町 稲田村、中富村 鹿本町
8%
1955/05/01 天草郡 二江町 御領村、鬼池村、手野村、城河原村 五和町
8%
宇土郡 松合町 不知火村 不知火町
8%
1956/09/30 西臼杵郡 日の影町 岩戸村の一部(を編入) 日之影町
8%
東諸県郡 本庄町 八代村 国富町
8%
1955/04/01 瀬棚郡 東瀬棚町 太櫓郡 太櫓村 北檜山町
4%
南会津郡 楢原町 旭田村、江川村 下郷町
4%
1956/04/01 猿島郡 沓掛町 富里村 猿島町
4%
1958/04/01 塩谷郡 阿久津町 北高根沢村 高根沢町
4%
1955/03/01 福井県 丹生郡 四ヶ浦町 城崎村 越前町
4%
1955/04/01 度会郡 吉津町 島津村、鵜倉村、中島村 南島町
4%
多気郡 大淀町 上御糸村、下御糸村 三和町
4%
1956/09/30 度会郡 滝原町 七保村 大宮町
4%
1956/09/30 三島郡 味舌町 味生村、鳥飼村 三島町
4%
1959/04/01 日野郡 伯南町 高宮村、多里村、石見村、福栄村 日南町
4%
1955/04/15 邑智郡 矢上町 井原村、中野村、日貫村、日和村 石見町
4%
1956/03/03 八束郡 恵曇町 講武村、御津村、佐太村 鹿島町
4%
1952/04/01 岡山県 吉備郡 箭田町 二万村、大備村、薗村、呉妹村 真備町
4%
1954/04/01 川上郡 手荘町 大賀村、高山村 川上町
4%
津田町 玖島村、友和村、浅原村、四和村 佐伯町
4%
1957/03/31 美馬郡 郡里町 重清村 美馬町
4%
浮羽郡 御幸町 姫治村、山春村、大石村(を編入) 浮羽町
4%
嘉穂郡 大隈町 千手村、宮野村、足白村 嘉穂町
4%
神崎郡 蓮池町 大部分は佐賀市に編入残部と城田村、境野村、千歳村が合併 千代田村
4%
1955/03/31 長湯町 下竹田村 直入町
4%
1955/04/01 東国東郡 伊美町 熊毛村 国見町
4%
1955/04/01 日置郡 伊作町 永吉村 吹上町
4%
1954/11/03 真壁郡 大村町 上野村、鳥羽村、村田村 明野町
0%
1955/04/01 筑波郡 上郷町 旭村の一部 豊里町
0%
1959/08/01 北佐久郡 本牧町 布施村、春日村、協和村 望月町
0%
1959/04/20 員弁郡 梅戸井町 三里村 大安町
0%
1955/01/01 加美町 三保村、打穴村、大垪和村 中央町
0%
1955/04/01 佐伯郡 鹿川町 高田村、中村 能美町
0%
1955/01/01 鞍手郡 剣町 西川村、古月村 鞍手町
0%
1958/03/31 八女郡 北川内町 横山村 上陽町
0%
1955/01/01 長崎県 上県郡 豊崎町 琴村 上対馬町
0%
壱岐郡 田河町 那賀村 芦辺町
0%
No matching quizzes found
Score Distribution
Percent of People with Each Score
Percentile by Number Answered
Your Score History
You have not taken this quiz